Adsuara, el hombre y el artista / (Record no. 70973)
[ view plain ]
| 000 -LEADER | |
|---|---|
| campo de control de longitud fija | 00722nam a2200205 i 4500 |
| 001 - NÚMERO DE CONTROL | |
| campo de control | 70973 |
| 003 - IDENTIFICADOR DE NÚMERO DE CONTROL | |
| campo de control | ES-MaACL |
| 005 - FECHA Y HORA DE LA ÚLTIMA TRANSACCIÓN | |
| campo de control | 20250928144830.0 |
| 007 - CAMPO FIJO DE DESCRIPCIÓN FÍSICA--INFORMACIÓN GENERAL | |
| campo de control de longitud fija | t| |
| 008 - DATOS DE LONGITUD FIJA--INFORMACIÓN GENERAL | |
| campo de control de longitud fija | 040804s1977 sp ||||1| spa d |
| 020 ## - NÚMERO INTERNACIONAL ESTÁNDAR DEL LIBRO | |
| Número Internacional Estándar del Libro | 84-7231-357-3 |
| 100 1# - ENTRADA PRINCIPAL--NOMBRE DE PERSONA | |
| Nombre de persona | Gasco Sidro, Antonio J. |
| 9 (RLIN) | 55845 |
| 245 10 - MENCIÓN DEL TÍTULO | |
| Título | Adsuara, el hombre y el artista / |
| Mención de responsabilidad, etc. | por Antonio J. Gascó Sidro ; prólogo por Felipe Mª Garín Ortiz de Taranco. |
| 260 ## - PUBLICACIÓN, DISTRIBUCIÓN, ETC. | |
| Lugar de publicación, distribución, etc. | Castellón de la Plana : |
| Nombre del editor, distribuidor, etc. | [Caja de Ahorros y Monte de Piedad, |
| Fecha de publicación, distribución, etc. | 1977] |
| 300 ## - DESCRIPCIÓN FÍSICA | |
| Extensión | 106 p., 23 lám. ; |
| Dimensiones | 25 cm. |
| 600 14 - PUNTO DE ACCESO ADICIONAL DE MATERIA--NOMBRE DE PERSONA | |
| Nombre de persona | Adsuara Ramos, Juan, |
| Fechas asociadas al nombre | 1891-1973 |
| 9 (RLIN) | 172827 |
| 700 1# - ENTRADA AGREGADA--NOMBRE PERSONAL | |
| Nombre de persona | Garín Ortiz de Taranco, Felipe María. |
| 9 (RLIN) | 55562 |
| 852 ## - LOCALIZACIÓN | |
| Ubicación | ES-MaACL |
| Número de control de estantería | A-7744 |
| Estatus retirado | Estado de pérdida | Estado de daño | No para préstamo | Biblioteca de origen | Biblioteca actual | Ubicación en estantería | Fecha de adquisición | Fuente de adquisición | Total de préstamos | Signatura topográfica completa | Código de barras | Visto por última vez | Precio de reemplazo | Tipo de ítem Koha |
|---|---|---|---|---|---|---|---|---|---|---|---|---|---|---|
| Biblioteca del Ateneo de Madrid | Biblioteca del Ateneo de Madrid | Sala Pecera Planta 1 | 17/01/2008 | A-7744 | 1074320 | 23/02/2023 | 23/02/2023 | Libro impreso |
